000 00497 a2200169 4500
003 Nust
005 20170207153552.0
040 _cNust
082 _a005.8
100 _aMushtaq, Muddassar (MSIS-7)
245 _aDesign of an efficeint distance bounding protocol to counter relay attacks in resource constrained low cost RIFD system
_cMuddassar Mushtaq,
260 _bMCS
_cFebruary 2011
300 _aviii, 41 p
538 _a Almirah No.70 Shelf No.2
650 _aMSIS Thesis
651 _aMSIS-7
942 _cTHS
999 _c188915
_d188915